| 000 | 00692nam a22001577a 4500 | ||
|---|---|---|---|
| 003 | OSt | ||
| 005 | 20150916161102.0 | ||
| 008 | 150916b xxu||||| |||| 00| 0 eng d | ||
| 040 | _cRUA | ||
| 082 | _aAGR RAT 2004 B029 Or.1 | ||
| 100 |
_9611 _aRATH PHEARUTH |
||
| 245 | _aEffect of different transplanting space on the growth and yield of rice variety sen pidao,(ឥទ្ធិពលនៃការស្ទូងដែលមានចន្លោះគុម្ពខុសៗគ្នាទៅលើការលូតលាស់ និងទិន្នផលស្រូវសែនពិដោរ) | ||
| 260 |
_aphnom penh _bRUA _c2004 |
||
| 300 |
_axiii,55p. _cill. _g29cm. |
||
| 942 |
_2ddc _cAGR |
||
| 999 |
_c586 _d586 |
||